| 000 | 00453nam a2200145Ia 4500 | ||
|---|---|---|---|
| 041 | _aKurdish | ||
| 082 | _a891,072 cut-293 ب | ||
| 100 | _a20260118u\\\\\\\\\\\y0engy0103\\\\ba | ||
| 100 | _aد.هەڵمەت بایز | ||
| 245 | 0 | _aدەقاوێزان لەرۆمانى ( دواهەمین هەنارى دونیا) ى ( بەختیار عەلى ) دا | |
| 250 | _aچ1 | ||
| 260 | _aالسليمانية - العراق | ||
| 300 | _a400 | ||
| 942 | _cBk | ||
| 999 |
_c188869 _d188869 |
||